000 00452nam a22001337a 4500
003 SGT
020 _a9789387978918
082 _a320
_bN18U
100 _aउपाध्याय, वी.
245 _aनवउदारवाद, पारिस्थितिकी बहुध्रुवीय विश्व एवं वाम राजनीती
260 _bबोधि प्रकाशन
_c2018
300 _a104
942 _2ddc
_cBK
999 _c31884
_d31884